<?xml version="1.0" encoding="UTF-8"?>
<marc:record xmlns:marc="http://www.loc.gov/MARC21/slim">
   <marc:leader>00000nam a2200000 a 4500</marc:leader>
   <marc:datafield ind1="1" ind2=" " tag="100">
      <marc:subfield code="a">Oelker, Petra</marc:subfield>
      <marc:subfield code="4">aut</marc:subfield>
      <marc:subfield code="e">Verfasser/-in</marc:subfield>
   </marc:datafield>
   <marc:datafield ind1="0" ind2="0" tag="245">
      <marc:subfield code="a">Die Brücke zwischen den Welten</marc:subfield>
   </marc:datafield>
   <marc:datafield ind1="0" ind2="0" tag="245">
      <marc:subfield code="c">Petra Oelker</marc:subfield>
   </marc:datafield>
   <marc:datafield ind1=" " ind2="1" tag="264">
      <marc:subfield code="a">Hamburg</marc:subfield>
      <marc:subfield code="b">ROWOHLT Taschenbuch</marc:subfield>
      <marc:subfield code="c">2019</marc:subfield>
   </marc:datafield>
   <marc:datafield ind1="1" ind2=" " tag="520">
      <marc:subfield code="a">Angaben aus der Verlagsmeldung

Die Brücke zwischen den Welten Oelker, Die Brücke zwischen den Welten / von Petra Oelker

Konstantinopel - Tor zum Orient, Handelszentrum, Schmelztiegel der Kulturen.

Petra Oelker erzählt die Geschichte eines sympathischen Hochstaplers vor spektakulärer Kulisse.

Konstantinopel, 1906: Ludwig Brehm, aus Hamburg angereist, um im Handelshaus Ihmsen &amp; Witt alles über Orientteppiche zu lernen, ist fasziniert von dieser schillernden Welt - und von der zarten Engländerin Edie, Ehefrau des Inhabers Richard Witt. An ihrer Seite erkundet Ludwig die pulsierende Metropole, begleitet von der geheimnisvollen Milena, Pariserin mit russischen Wurzeln und undurchsichtigen Verbindungen. Doch dann kündigt sich Besuch aus Hamburg an, und Ludwigs neues Leben droht ihm zu entgleiten. Denn niemand weiß, dass auch er nicht der ist, der er zu sein vorgibt …
</marc:subfield>
   </marc:datafield>
   <marc:datafield ind1=" " ind2=" " tag="020">
      <marc:subfield code="a">9783499274688</marc:subfield>
      <marc:subfield code="9">9783499274688</marc:subfield>
   </marc:datafield>
   <marc:datafield ind1=" " ind2=" " tag="020">
      <marc:subfield code="a">349927468X</marc:subfield>
      <marc:subfield code="9">349927468X</marc:subfield>
   </marc:datafield>
</marc:record>
